00384nam a2200181Ia 4500003000900000008004100009040001300050040001300063041000800076100002100084245003400105250001200139260001500151260000900166300001100175300001000186490000600196IT-RoPAU120407s9999 xx 000 0 und d aIT-RoPAU cIT-RoPAU aita aJ. Ramos-Regidor aIL sacramento della penitenza aTorino  aElle Di Ci c1972 a359 p. c24 cm v1